000 00281nam a2200133Ia 4500
008 090123s9999 xx 000 0 und d
082 _b40925
245 _aCINDERELLA
250 _a0
260 _bARORA BOOK CO.
630 _aCINDERELLA
730 _aCINDERELLA
942 _cBOOK
999 _c78998
_d78998